00707nam a22001937a 450000500170000001000140001702000260003103500130005703700130007008200100008310000270009324500910012026000390021127000660025030000210031694200240033799900170036195201350037820100731150947.0 aENG-97553 a9788131719725c275.00 aEN-81086 bDBAD/PUB a650.1 aMaxwell, John C.93999 aThe difference maker :bmaking your attitude your greatest asset /cby John C. Maxwell aNew DelhibPearson Educationc2008 a14 Local Shopping Centre, Panchsheel Park,bNew Delhie110017 a184p.b20cm (Hb) 2ddccENh650.1mMAX c38448d38448 001040718NFICaDBADbDBADd2010-07-31eDBAD/PUBg275.00l0o650.1 MAXpEN-81086r2010-07-31 00:00:00t1v275.00w2010-07-31yEN